| Поле | Инд. | ПП | Название | Значение |
|---|---|---|---|---|
| Тип записи | a | |||
| Библиографический уровень | m | |||
| 001 | Контрольный номер | UNIDUBNA09de3f1a8fec4b3ca12f9365da0c4f4b | ||
| 005 | Дата корректировки | 20260424114032.4 | ||
| 017 | a | Номер регистрации авт. права | Акт приемки-передачи 18/2025 от 15.03.2023 | |
| 020 | a | ISBN | 978-5-89847-740-0 | |
| 040 | b | Код языка каталог. | rus | |
| 041 | 0_ | a | Код языка текста | rus |
| 084 | a | Индекс другой классификации/Индекс ББК | 22.313я73 | |
| 090 | a | Полочн. индекс | 22.313я73 | |
| x | Авторский знак | Д 138 | ||
| 100 | 1_ | a | Автор | Давыдов Е. А. |
| q | Полное имя | Давыдов Евгений Александрович | ||
| 245 | 10 | a | Заглавие | Основные положения общей теории относительности |
| b | Продолж. заглавия | учебное пособие | ||
| c | Ответственность | Государственный университет "Дубна". Инженерно-физический факультет. Кафедра фундаментальных проблем физики микромира; редактор Е. В. Григорьева; рецензент И. Г. Пироженко | ||
| 260 | a | Место издания | Дубна | |
| b | Издательство | Государственный университет "Дубна" | ||
| c | Дата издания | 2025 | ||
| 300 | a | Объем | 80 с. | |
| 336 | a | Термин вида содержания | Текст | |
| 337 | a | Термин типа средства | непосредственный + электронный | |
| 650 | 04 | a | Основная рубрика | теоретическая физика |
| a | Основная рубрика | теория относительности | ||
| a | Основная рубрика | физика | ||
| 653 | 0_ | a | Ключевые слова | гравитационное поле |
| a | Ключевые слова | дифференциальная геометрия | ||
| a | Ключевые слова | кривизна пространства и времени | ||
| a | Ключевые слова | Леви-Чивита связность | ||
| a | Ключевые слова | общая теория относительности | ||
| a | Ключевые слова | принцип относительности | ||
| a | Ключевые слова | принцип эквивалентности | ||
| 655 | a | Жанр/ форма (устаревшее) | учебное пособие | |
| 700 | 12 | a | Автор | Пироженко И. Г. |
| e | Роль лиц | рецензент | ||
| 700 | 12 | a | Автор | Григорьева Е. В. |
| 720 | a | Наименование подборки | СЭБ5 | |
| e | Признак/вид подборки | Тематические подборки | ||
| 856 | 40 | a | Имя сервера/домена | Библиотечная система Университета "Дубна" |
| d | Путь | http://lib.uni-dubna.ru/MegaPRO/Web | ||
| i | Указания/сценарий входа | Доступ по номеру читательского билета и фамилии читателя | ||
| y | Справочный текст | Электронная версия | ||
| u | URL | https://lib.uni-dubna.ru/ProtectedView/Book/ViewBook/34911 | ||
| 856 | 40 | a | Имя сервера/домена | ЭБС "Лань" |
| d | Путь | http://e.lanbook.com/ | ||
| i | Указания/сценарий входа | Доступ по логину и паролю | ||
| u | URL | https://e.lanbook.com/book/516073 | ||
| v | Время доступа к ресурсу | 10.04.2026 | ||
| y | Справочный текст | Электронная версия | ||
| 900 | a | Имя электронного ресурса | obl_Davidov_Osnovnie_polojeniya | |
| x | Справочная информация | Обложка | ||
| 900 | a | Имя электронного ресурса | akt_18_2025_Davidov | |
| 900 | a | Имя электронного ресурса | Davidov_Osnovnie_polojeniya | |
| x | Справочная информация | Полный текст | ||
| 901 | t | Тип документа | m | |
| 952 | a | Тип литературы для КСУ ВШ | УИ |